000 00783nam a22002297a 4500
999 _c164632
_d164632
008 090718t xxu||||| |||| 00| 0 eng d
010 _aA-841096
020 _a8171941389
_c225.00
035 _aA-841096
037 _aUBH
_bRP/CL/E.5/ENG/8.05.08/25.06.08/28.06.08
040 _adpl
_beng
050 _a343.04
082 _a336.294
100 _aDatey, V. S.
245 _aIndirect Taxes Law and Practice/
_bby V. S. Datey
260 _aNew Delhi
_bTax Mann Publications
_c1996
270 _a59/32,New rohtak road,
_bNew Delhi
_e110005
300 _avarious pages
_c23cm(Hbk)
500 _aIt includes index
942 _2ddc
_cEN
_h343.04
_mDAT